[Event "zt-B"]
[Site "Randers"]
[Date "1982.??.??"]
[Round "8"]
[White "Sigurjonsson, Gudmundur"]
[Black "Hoelzl, Franz"]
[Result "1-0"]
[WhiteElo "2435"]
[BlackElo "2405"]

1. e4 c5 2. Nf3 Nc6 3. d4 cxd4 4. Nxd4 Nf6 5. Nc3 d6 6. Bc4 e6 7. Bb3
a6 8. f4 Be7 9. Be3 Bd7 10. O-O Rc8 11. f5 e5 12. Ne6 fxe6 13. fxe6 Na5
14. Nd5 Bxe6 15. Nxf6+ Bxf6 16. Bxe6 Nc4 17. Bc1 Qb6+ 18. Kh1 Rc6 19.
Rxf6 1-0

[Event "zt-B"]
[Site "Randers"]
[Date "1982.??.??"]
[Round "9"]
[White "Borik, Otto"]
[Black "Murey, Jacob"]
[Result "1/2-1/2"]
[WhiteElo "2360"]
[BlackElo "2475"]

1. d4 d5 2. c4 c6 3. Nf3 Nf6 4. cxd5 cxd5 5. Nc3 Nc6 6. Bf4 Bf5 7. e3
e6 8. Bd3 Bxd3 9. Qxd3 Bd6 10. Bxd6 Qxd6 11. O-O O-O 12. e4 dxe4 13.
Nxe4 Nxe4 14. Qxe4 Qd5 15. Qxd5 exd5 16. Rfe1 Rfe8 1/2-1/2

[Event "zt-B"]
[Site "Randers"]
[Date "1982.??.??"]
[Round "9"]
[White "Feustel, Bernd"]
[Black "Sigurjonsson, Gudmundur"]
[Result "1-0"]
[WhiteElo "2365"]
[BlackElo "2435"]

1. Nf3 g6 2. c4 Bg7 3. g3 c5 4. Bg2 Nc6 5. O-O e5 6. Nc3 Nge7 7. Ne1 d6
8. Nc2 Be6 9. Ne3 O-O 10. d3 Rb8 11. Ned5 a6 12. a4 Nb4 13. Bd2 Nexd5
14. cxd5 Bc8 15. Qb3 a5 16. Nb5 Qe7 17. e4 Bd7 18. f4 Bh6 19. Kh1 Kg7
20. Rf2 f6 21. Raf1 Bg4 22. Qc4 Bd7 23. b3 b6 24. Be3 Rbc8 25. Na3 Rb8
26. Nb5 Rbc8 27. h3 Rb8 28. Bc1 Rbc8 29. Kh2 Rb8 30. Bf3 Rbc8 31. Qc3
exf4 32. gxf4 Kg8 33. Qc4 f5 34. e5 dxe5 35. Re2 e4 36. dxe4 fxe4 37.
Rxe4 Qh4 38. f5 1-0

[Event "zt-B"]
[Site "Randers"]
[Date "1982.??.??"]
[Round "9"]
[White "Hoelzl, Franz"]
[Black "Karlsson, Lars"]
[Result "0-1"]
[WhiteElo "2405"]
[BlackElo "2500"]

1. c4 c5 2. Nf3 g6 3. d4 Bg7 4. e4 Nc6 5. d5 Nd4 6. Nxd4 Bxd4 7. Bd3 d6
8. O-O Nf6 9. Qc2 O-O 10. Bh6 Re8 11. Nc3 Ng4 12. Bg5 Bg7 13. Rae1 h6
14. Bd2 Be5 15. g3 Bg7 16. f4 e5 17. f5 Bd7 18. Qc1 Kh7 19. Be2 Nf6
20. g4 Ng8 21. fxg6+ fxg6 22. Rf7 Rf8 23. Ref1 Rxf7 24. Rxf7 Qe8 25.
Qf1 a6 26. a4 b6 27. b3 Ra7 28. Kg2 Rb7 29. Kg3 Bc8 30. Rf2 g5 31. Nd1
Ne7 32. h4 gxh4+ 33. Kxh4 Ng6+ 34. Kg3 Nf4 35. Ne3 Qg6 36. Nf5 Bxf5
37. exf5 Qg5 38. Qh1 Bf6 39. Rh2 Rg7 40. Kf3 Qxg4+ 0-1

[Event "zt-B"]
[Site "Randers"]
[Date "1982.??.??"]
[Round "9"]
[White "Rantanen, Yrjo A"]
[Black "Helmers, Knut J"]
[Result "1/2-1/2"]
[WhiteElo "2425"]
[BlackElo "2430"]

1. e4 c5 2. Nf3 d6 3. d4 cxd4 4. Nxd4 Nf6 5. Nc3 a6 6. f4 e5 7. Nf3
Nbd7 8. a4 Be7 9. Bc4 O-O 10. Qe2 Qa5 11. O-O exf4 12. Bxf4 Ne5 13. Bb3
Bg4 14. Kh1 Rad8 15. Qe1 Qc7 16. Nd4 Nc6 17. Nxc6 Qxc6 18. Qg3 Be6 19.
Bg5 Kh8 20. Qh4 Qc5 21. Rf3 Qe5 22. Raf1 Bxb3 23. cxb3 Ng8 24. Bxe7
Qxe7 25. Qxe7 Nxe7 26. Rxf7 Kg8 27. Rxf8+ Rxf8 28. Rf3 Nc6 29. Nd5 Rxf3
30. gxf3 Nd4 31. Kg2 Nxb3 32. Kf1 Kf7 33. Ke2 Nc5 34. Nb6 Ke6 35. Ke3
g5 36. b4 Nd7 37. Nd5 Ne5 38. f4 gxf4+ 39. Nxf4+ Kd7 40. h3 h6 41. Nd5
Ke6 42. Nf4+ Ke7 43. Kd4 Nc6+ 44. Kc4 Kd7 45. h4 Ne5+ 46. Kd5 Ng4 47.
Kd4 Ke7 48. Nd5+ Ke6 49. h5 Ne5 50. Nf4+ Kd7 51. b5 axb5 52. axb5 Ng4
53. Nd5 Ke6 54. Nf4+ Kd7 55. Nd5 1/2-1/2

[Event "zt-B"]
[Site "Randers"]
[Date "1982.??.??"]
[Round "10"]
[White "Borik, Otto"]
[Black "Sigurjonsson, Gudmundur"]
[Result "1/2-1/2"]
[WhiteElo "2360"]
[BlackElo "2435"]

1. e4 e5 2. Nf3 Nf6 3. Nxe5 d6 4. Nf3 Nxe4 5. Qe2 Qe7 6. d3 Nf6 7. Bg5
Qxe2+ 8. Bxe2 Be7 9. Nc3 c6 10. O-O Na6 11. a3 Nc7 12. Rfe1 Ne6 1/2-1/2

[Event "zt-B"]
[Site "Randers"]
[Date "1982.??.??"]
[Round "10"]
[White "Karlsson, Lars"]
[Black "Feustel, Bernd"]
[Result "1-0"]
[WhiteElo "2500"]
[BlackElo "2365"]

1. c4 g6 2. d4 Bg7 3. Nc3 d6 4. e4 Nd7 5. Be3 e6 6. Qd2 h6 7. Bd3 Ne7
8. Nge2 a6 9. O-O b6 10. Rad1 Bb7 11. Bc2 e5 12. c5 dxc5 13. dxc5 b5
14. Bb3 Bc6 15. Nd5 a5 16. Nxe7 Qxe7 17. Bd5 Nb8 18. Nc3 O-O 19. Bxc6
Nxc6 20. Nd5 Qh4 21. Nxc7 Rad8 22. Qc2 Nb4 23. Qb1 Rxd1 24. Rxd1 f5
25. f3 Rd8 26. a3 Nc6 27. Bf2 Qe7 28. Nxb5 Nd4 29. Nxd4 exd4 30. b4
axb4 31. axb4 fxe4 32. Qxe4 Qf7 33. c6 Rc8 34. Qd3 Be5 35. b5 Rb8 36.
Bg3 Bxg3 37. hxg3 Kh7 38. Qxd4 Rxb5 39. Qd8 Qa7+ 40. Kf1 1-0

[Event "zt-B"]
[Site "Randers"]
[Date "1982.??.??"]
[Round "10"]
[White "Mortensen, Erling"]
[Black "Hoelzl, Franz"]
[Result "1-0"]
[WhiteElo "2440"]
[BlackElo "2405"]

1. e4 Nf6 2. e5 Nd5 3. d4 d6 4. Nf3 g6 5. Bc4 Nb6 6. Bb3 Nc6 7. exd6
cxd6 8. d5 Ne5 9. Nxe5 dxe5 10. O-O Bg7 11. a4 O-O 12. a5 Nd7 13. Be3
Nf6 14. h3 Ne8 15. Nd2 Nd6 16. Nc4 Qc7 17. Qe2 Bd7 18. Nxd6 exd6 19. a6
b6 20. Ba4 f5 21. Bc1 Rae8 22. Bxd7 Qxd7 23. f3 e4 24. f4 Qf7 25. c4
Bd4+ 26. Be3 Qg7 27. Rab1 g5 28. Qd2 Bxe3+ 29. Qxe3 g4 30. Kf2 Rf6 31.
hxg4 Rg6 32. g3 Rxg4 33. Rh1 Rc8 34. b3 Qf6 35. Rbd1 Rg7 36. Qd4 Qg6
37. Rdg1 Qg4 38. Qe3 Rgc7 39. Rh4 Qg7 40. g4 Qb2+ 41. Qe2 Qd4+ 42. Qe3
Qb2+ 43. Kg3 Kh8 44. Rg2 Qa1 45. Kh2 b5 46. gxf5 bxc4 47. Rhg4 Qf6 48.
Qg3 Qf7 49. Qc3+ 1-0

[Event "zt-B"]
[Site "Randers"]
[Date "1982.??.??"]
[Round "10"]
[White "Murey, Jacob"]
[Black "Rantanen, Yrjo A"]
[Result "1-0"]
[WhiteElo "2475"]
[BlackElo "2425"]

1. e4 c5 2. Nf3 g6 3. c4 Bg7 4. d4 cxd4 5. Nxd4 Nc6 6. Be3 Nf6 7. Nc3
O-O 8. Be2 b6 9. O-O Bb7 10. Ndb5 a6 11. Na3 d6 12. Rc1 Ne5 13. f3 Rc8
14. Qe1 e6 15. Qf2 Ned7 16. Rfd1 d5 17. cxd5 exd5 18. Nxd5 Nxd5 19.
Rxc8 Qxc8 20. exd5 b5 21. Bf1 Nf6 22. d6 Qc6 23. Bg5 h6 24. Bh4 g5 25.
Bg3 Nh5 26. Qa7 Nxg3 27. hxg3 Qd7 28. Qb6 Rc8 29. Bd3 Rc6 30. Bf5 Rxb6
31. Bxd7 Be5 32. Bxb5 Bxd6 33. Bf1 Bc5+ 34. Kh2 Rxb2 35. Nc4 Rxa2 36.
Ne5 Rc2 37. Rd8+ Kg7 38. Rd7 Rc1 39. Rxf7+ Kg8 40. Bd3 Bg1+ 41. Kh3 1-0

[Event "zt-B"]
[Site "Randers"]
[Date "1982.??.??"]
[Round "11"]
[White "Borik, Otto"]
[Black "Karlsson, Lars"]
[Result "1/2-1/2"]
[WhiteElo "2360"]
[BlackElo "2500"]

1. Nf3 c5 2. b3 Nc6 3. e3 d6 4. Bb2 e5 5. d4 cxd4 6. exd4 e4 7. Nfd2 d5
8. c4 Nf6 9. cxd5 Qxd5 10. a3 Bg4 11. Qc1 Rc8 12. Nc3 Qh5 13. Ndxe4
Nxe4 14. Qe3 f5 15. f3 Bxf3 16. gxf3 Be7 17. O-O-O O-O 18. Bc4+ Kh8
19. Kb1 Nxc3+ 20. Bxc3 f4 21. Qd3 Rcd8 22. Rhe1 Bxa3 23. d5 Bb4 24. Re6
Bxc3 25. Qxc3 Qf5+ 26. Kb2 Qxe6 1/2-1/2

[Event "zt-B"]
[Site "Randers"]
[Date "1982.??.??"]
[Round "11"]
[White "Rantanen, Yrjo A"]
[Black "Sigurjonsson, Gudmundur"]
[Result "1/2-1/2"]
[WhiteElo "2425"]
[BlackElo "2435"]

1. e4 c6 2. d4 d5 3. exd5 cxd5 4. c4 Nf6 5. Nc3 e6 6. Nf3 Be7 7. cxd5
Nxd5 8. Bd3 Nc6 9. O-O O-O 10. Re1 Bf6 11. Be4 Nce7 12. Qd3 g6 13. Bh6
Bg7 14. Bxg7 Kxg7 15. Bxd5 Nxd5 16. Nxd5 Qxd5 17. Rac1 Bd7 18. Rc5 Qd6
19. Qe3 f6 20. Nd2 Bc6 21. Nc4 Qd7 22. Rc1 Rac8 1/2-1/2